000 01121nam a22003377a 4500
001 000366
003 DO-SdBPM
005 20260218091341.0
007 ta
008 160706b1998 xxu |||| 00| 0 spa d
020 _a1890515116
040 _aDO-SdBPM
_bspa
_cBPMSU
_erda
082 4 _a813.5
_b J83c 1998
_222
100 1 _aHarper, Josephine,
_c1953-
_eautor
_4aut.
245 1 0 _aComo los perros de la pradera /
_cJosephine Harper ; ilustraciones de Craig Spearing ; traducción de Guillermo Gutiérrez.
264 _aaNew York :
_bTurtle Books,
_c1998.
300 _a44 páginas ;
_c23 cm.
336 _atexto
_btxt
_2rdacontent
337 _asin mediación
_bn
_2rdamedia
338 _avolumen
_bnc
_2reacarrier
500 _a
546 _a
590 _aInventariado, 2026/VM
650 7 _aCuentos juveniles estadounidenses.
650 7 _aNaturaleza
_vCuentos juveniles.
650 7 _aVida de pioneros
_vCuentos juveniles.
700 1 _aSpearing, Craig,
_eilustrador.
700 1 _aGutierrez, Guillermo,
_etraductor.
910 _a VMateo V. Control de calidad BPMSU
942 _2ddc
_cBK
999 _c15711
_d15711